Statistiche per Capitali Mondiali Casuali su una Mappa

Clicka qui per fare il quiz!

Statistiche generali

  • Questo quiz è stato fatto 1.359 volte
  • Il punteggio medio è 13 su 20

Risposte nella Mappa

Le risposte nella mappa del quiz sottostante sono codificate secondo una scala di colori dal rosso al verde in base alla % di persone che hanno risposto correttamente.
 

Statistiche sulle risposte

Capitale% Corretto
Dublino
100%
Lima
100%
Monaco
100%
Parigi
100%
Reykjavík
100%
Roma | Città del Vaticano
100%
San Marino
100%
Brasília
97%
Kiev
97%
Lisbona
97%
Oslo
97%
Ottawa
97%
Tokyo
97%
Sofia
96%
Belgrado
95%
Amsterdam
94%
Beijing
94%
Città del Messico
94%
Londra
94%
Berlino
93%
Canberra
93%
Helsinki
93%
Madrid
93%
Berna
92%
Tunisi
92%
La Valletta
91%
Lussemburgo
91%
Mosca
91%
Nuova Delhi
91%
Andorra la Vella
90%
Bruxelles
90%
Panama
90%
Praia
90%
Rabat
90%
Stoccolma
90%
Washington
90%
Atene
88%
Budapest
88%
Buenos Aires
88%
Tirana
88%
Varsavia
88%
Bucarest
87%
Seul
87%
Ankara
86%
Vienna
86%
Bangkok
85%
Il Cairo
85%
Montevideo
85%
Lubiana
84%
Praga
84%
Riyād
84%
Quito
83%
Riga
83%
Tallinn
83%
Teheran
83%
Wellington
83%
Zagabria
83%
Pretoria | Città del Capo
| Bloemfontein
82%
Bogotà
80%
Damasco
80%
Pyongyang
80%
Abu Dhabi
79%
Amman
79%
L'Avana
79%
Minsk
79%
Podgorica
79%
Santiago
79%
Baghdad
78%
Kabul
78%
Ulan Bator
78%
Vilnius
78%
Algeri
77%
Kathmandu
77%
Bratislava
76%
Caracas
76%
Manila
76%
Asunción
75%
Baku
75%
Copenaghen
75%
Gerusalemme
75%
Islamabad
74%
Kuala Lumpur
74%
Kuwait
74%
Pristina
74%
Erevan
73%
Hanoi
73%
Malé
73%
Taipei
73%
Città del Guatemala
72%
Giacarta
72%
Vaduz
72%
Antananarivo
71%
Kingston
71%
Luanda
71%
Nicosia
71%
Sarajevo
71%
Victoria
71%
Beirut
70%
Skopje
70%
Tegucigalpa
70%
Tripoli
70%
Colombo
68%
Doha
68%
Conakry
67%
Port-au-Prince
67%
Saint George's
67%
Nassau
66%
Abuja
65%
Singapore
65%
Dili
64%
Tbilisi
64%
Addis Abeba
63%
Astana
63%
Chișinău
63%
Nairobi
63%
Saint John's
63%
Bishkek
62%
Dacca
61%
Dušanbe
61%
Gibuti
61%
Maseru
61%
Mogadiscio
61%
Monrovia
61%
Vientiane
61%
Managua
60%
Manama
60%
San José
59%
Apia
58%
Belmopan
58%
Harare
58%
Phnom Penh
58%
Santo Domingo
57%
Gaborone
56%
Sana'a
56%
Kinshasa
55%
Maputo
55%
Nukuʻalofa
55%
Port Moresby
55%
Roseau
55%
Bissau
54%
Dakar
54%
Dodoma
54%
Thimphu
54%
Ashgabat
53%
Lusaka
53%
Sao Tome
53%
Bangui
52%
Khartum
52%
Kigali
52%
Paramaribo
52%
Port Louis
52%
San Salvador
52%
Accra
50%
Asmara
50%
Bandar Seri Begawan
50%
Georgetown
50%
N'Djamena
50%
Niamey
50%
Banjul
48%
Bridgetown
48%
Freetown
48%
Port of Spain
48%
Yamoussoukro
48%
Lilongwe
47%
Lomé
47%
Naypyidaw
46%
Tashkent
46%
Moroni
45%
Nouakchott
44%
La Paz | Sucre
42%
Mascate
42%
Yaoundé
41%
Yaren
41%
Funafuti
39%
Kampala
39%
Malabo
39%
Windhoek
39%
Honiara
38%
Mbabane
38%
Ngerulmud
38%
Ouagadougou
38%
Palikir
38%
Port Vila
38%
Gitega
37%
Kingstown
37%
Sud Tarawa
36%
Bamako
35%
Libreville
35%
Majuro
33%
Suva
32%
Basseterre
30%
Giuba
30%
Brazzaville
28%
Castries
26%
Porto-Novo | Cotonou
23%

Distribuzione punteggi

Percentile per numero di risposta

Percentuale di utenti per punteggio

I tuoi punteggi nel tempo

Non hai fatto questo quiz